| 000 | 00893cab a2200277 4500 | ||
|---|---|---|---|
| 001 | ABS53202 | ||
| 008 | 090401t1995 xxu||||| |||| 00| 0 eng d | ||
| 035 | _a(Sirsi) u2626 | ||
| 041 | _aeng | ||
| 100 | _aLane, C. | ||
| 245 | _aMedical breakthrough | ||
| 260 | _c1995 | ||
| 350 | _a0 | ||
| 490 |
_aProperty Week _v52(2) 13 July 1995, 30-31(2) |
||
| 520 | _aProfile of NHS Estates, which is to be privatised between 1996 and 1997. Covers the work of the agency, the size of portfolio and future demand for health buildings. Also points to opportunities for the private sector in advising NHS Trusts. | ||
| 650 | _aGOVERNMENT AGENCIES | ||
| 650 | _aHEALTH BUILDINGS | ||
| 650 | _aHOSPITALS | ||
| 650 | _aLOCKE JOHN | ||
| 650 | _aNHS ESTATES | ||
| 650 | _aNHS TRUSTS | ||
| 650 | _aPRIVATISATION | ||
| 690 | _aPROPERTY-COMMERCIAL PROPERTY | ||
| 942 | _n0 | ||
| 948 | _c04/03/1997 | ||
| 999 |
_c1581 _d1581 |
||